Multinational finance / (Record no. 126809)
[ view plain ]
| 000 -LEADER | |
|---|---|
| fixed length control field | 00731nam a22002657a 4500 |
| 003 - CONTROL NUMBER IDENTIFIER | |
| control field | 0 |
| 005 - DATE AND TIME OF LATEST TRANSACTION | |
| control field | 20180728123009.0 |
| 008 - FIXED-LENGTH DATA ELEMENTS--GENERAL INFORMATION | |
| fixed length control field | 0 |
| 010 ## - LIBRARY OF CONGRESS CONTROL NUMBER | |
| LC control number | A-939315 |
| 020 ## - INTERNATIONAL STANDARD BOOK NUMBER | |
| Terms of availability | 225.00 |
| International Standard Book Number | 8120312740 |
| 035 ## - SYSTEM CONTROL NUMBER | |
| System control number | A-939315, A-939316 |
| 037 ## - SOURCE OF ACQUISITION | |
| Source of stock number/acquisition | Cen Lib/ Ret |
| 040 ## - CATALOGING SOURCE | |
| Original cataloging agency | DPL |
| Language of cataloging | EN |
| Transcribing agency | 0 |
| 082 ## - DEWEY DECIMAL CLASSIFICATION NUMBER | |
| Classification number | 332.673 |
| Item number | BUC |
| 100 ## - MAIN ENTRY--PERSONAL NAME | |
| Personal name | Buckley, Adrian |
| 9 (RLIN) | 112582 |
| 245 ## - TITLE STATEMENT | |
| Title | Multinational finance / |
| Statement of responsibility, etc | by Adrian Buckley |
| 250 ## - EDITION STATEMENT | |
| Edition statement | 3rd ed |
| 260 ## - PUBLICATION, DISTRIBUTION, ETC. (IMPRINT) | |
| Place of publication, distribution, etc | New Delhi |
| Name of publisher, distributor, etc | Prentice-Hall of India |
| Date of publication, distribution, etc | 1998 |
| 270 ## - ADDRESS | |
| City | New Delhi |
| Address | M-97, Connaught Circus |
| Postal code | 110015 |
| 300 ## - PHYSICAL DESCRIPTION | |
| Extent | xiii, 606p. |
| Dimensions | 21cm(Hb) |
| 500 ## - GENERAL NOTE | |
| General note | Includes index |
| 650 ## - SUBJECT ADDED ENTRY--TOPICAL TERM | |
| Topical term or geographic name as entry element | Economics |
| General subdivision | |
| 9 (RLIN) | 18542 |
| 650 ## - SUBJECT ADDED ENTRY--TOPICAL TERM | |
| Topical term or geographic name as entry element | Finance |
| 9 (RLIN) | 10634 |
| 942 ## - ADDED ENTRY ELEMENTS (KOHA) | |
| Source of classification or shelving scheme | Dewey Decimal Classification |
| Koha item type | English Books |
| Classification part | 332.673 |
| Call number suffix | BUC |
| Withdrawn status | Lost status | Damaged status | Not for loan | Home library | Current library | Date acquired | Source of acquisition | Cost, normal purchase price | Total Checkouts | Full call number | Barcode | Date last seen | Copy number | Cost, replacement price | Price effective from | Koha item type | Source of classification or shelving scheme | Collection code |
|---|---|---|---|---|---|---|---|---|---|---|---|---|---|---|---|---|---|---|
| Central Library | Central Library | 26/06/2015 | Cen Lib/Ret | 225.00 | 332.673 BUC | A-939315 | 26/06/2015 | 1 | 225.00 | 26/06/2015 | English Books | |||||||
| Patel Nagar | Patel Nagar | 28/07/2018 | BPPD/PUB | 225.00 | 332.673 BUC | A-939316 | 28/07/2018 | 225.00 | 28/07/2018 | English Books | Dewey Decimal Classification | Non-fiction |
